000 00925nam a22002535i 4500
001 158754
003 ES-MaACL
005 20251012210436.0
008 040906s1888 fr a |||| | fre d
040 _aCAM
_bspa
_cCAM
100 1 _aMarin, Aylic.
_9129500
245 1 0 _aEn Océanie /
_cAylic Marin; [préface par E. Verconsin]; dessins par A. de Bar et G. de Mare.
260 _aParis :
_bCharles Bayle éditeur,
_c1888 (
_eBergerac :
_fImp. Nouvelle Boisserie frères)
300 _a223 p. :
_bil. ;
_c16 cm.
490 1 _aPetite bibliothèque populaire
594 _aAutor de los prelim. tomado de la cub.
651 4 _aOceanía.
_9137287
700 1 _aBar, Alexandre de.
_9157103
700 1 _aMare, G. de.
_9129475
700 1 _aVerconsin, Eugène,
_d1823-1891
_9157104
830 0 _aPetite bibliothèque populaire
_9221885
852 _aES-MaACL
_jD-3852
_z-- Rust. deteriorada
999 _c158754
_d158754